| 000 | 01246nas a2200409 4500 | ||
|---|---|---|---|
| 001 | BR8003470 | ||
| 003 | BR-BrBNA | ||
| 005 | 20231205084328.0 | ||
| 007 | ta | ||
| 008 | 230509b bl.|||p| |||| 00| 00por d | ||
| 040 |
_aBR-BrBNA _bpor _cBiblioteca Nacional de Agricultura |
||
| 041 | _a(Pt) | ||
| 072 | _aH50 | ||
| 100 | 1 | _aMalavolta, E. | |
| 100 | 1 | _aVidal, A.A. | |
| 100 | 1 | _aGheller, A.C. | |
| 100 | 1 | _aFancelli, A.L. | |
| 100 | 1 | _aKishimo, A.Y. | |
| 100 | 1 | _aPiza Junior, C.T. | |
| 100 | 1 | _aSantos, D.B. | |
| 100 | 1 | _aRuy, V.M. | |
| 100 | 1 | _aFaquimo, V. | |
| 100 | 1 | _aEimori, I.E. | |
| 100 | 1 | _aGuimaraes, P.T.G. | |
| 100 | 1 | _aOrtiz, O.B. | |
| 100 | 1 | _aVargas, P.G. | |
| 100 | 1 | _aFornasieri Filho, D. | |
| 100 | 1 | _aVieira, I.M.S. | |
| 100 | 1 | _aGalbiatti, J.A. | |
| 245 | 1 | _aEfeitos das deficiencias de macronutrientes em duas variedades de soja (Glycine max Merrill), Santa Rosa e UFV-1, cultivadas em solucao nutritiva | |
| 650 | _aSOJA | ||
| 650 | _aMACROELEMENTO | ||
| 650 | _aDEFICIENCIA MINERAL | ||
| 773 | 0 |
_tAnais da Escola Superior de Agricultura Luiz de Queiroz (Brazil) _xISSN 0071-1276 _g(1980), v. 37 p. 473-484 _wBR8003470 |
|
| 909 |
_a202311 _bLúcia _c55 _dLúcia Elande |
||
| 942 |
_2AGRIS _n0 _cANA |
||
| 999 |
_c104521 _d104521 |
||